The interpet bumper guide to garden ponds

Bibliographic Details
Other Authors: Mills, Dick (Editor)
Format: Book
Language:English
Published: Surrey : Interpet Publishing 2000
Subjects:

MARC

LEADER 00000cam a2200000 7i4500
001 0000009673
005 20241004.0
008 011018 -uk eng
020 |a 1902389794 (hbk) 
040 |a INS   |b eng   |e rda 
090 0 0 |a SB475.8   |b .I58 2000 
245 1 4 |a The interpet bumper guide to garden ponds   |c compiled by Dick Mills 
264 1 |a Surrey :   |b Interpet Publishing   |c 2000 
264 4 |c ©2000 
300 |a 240 pages ;   |c 22 cm. 
336 |a text  |2 rdacontent 
337 |a unmediated  |2 rdamedia 
338 |a volume  |2 rdacarrier 
600 0 0 |a Ponds   |x Design and construction 
650 0 |a Aquatic plants 
650 0 |a Fish ponds   |x Design and construction 
650 0 |a Water gardens   |x Design and construction 
700 1 |a Mills, Dick ,   |e editor 
999 |a 0000008243   |b BOOK   |c Open Shelf   |e Default branch